000
00200 a2200097 4500
020
_a
9788474444476
041
_a
spa
100
_a
Laurent Brunhoff
245
_a
Conoce a Babar y su familia
942
_c
K
999
_c
28786
_d
28786